00361nam a22001337a 450000500170000000800410001704100120005808200120007010000120008224500310009426000470012530000290017265000260020120240801131536.0240801b |||||||| |||| 00| 0 eng d aEnglish a349 SOU lEnglish aSouth African Law Reports  aCape Town: bJuta and Company Ltd, c1944  bix, 271 pages; c25 cm.  aLegal practice bLaw